| 000 | 00397nam a2200157Ia 4500 | ||
|---|---|---|---|
| 999 |
_c14397 _d14397 |
||
| 003 | OSt | ||
| 005 | 20260316191540.0 | ||
| 008 | 260210s9999 xx 000 0 und d | ||
| 020 | _a9781559634441 | ||
| 082 | _a333.916 | ||
| 100 | _aSandra Postel ; Brian Richter | ||
| 245 | 0 | _aRivers for Life: Managing Water for People and Nature | |
| 260 | _bIsland Press | ||
| 300 | _a2003 | ||
| 942 |
_cUG _2ddc |
||